MDQL
is popping MORE tags! Check the
thread
!
Quizzes
Events
Quiz Creation
Community
Videos
Private Events
Remove Ads
Sign In
Join for FREE
Feedback
Dark Mode
Quiz Categories
Sports
Geography
Music
Movies
Television
Just For Fun
Miscellaneous
History
Literature
Language
Science
Gaming
Entertainment
Religion
Holiday
For Kids
Quiz Lab
Recent
Popular Today
Quiz Kudos Today
Editor Picks
Curator Picks
Quizzes by...
Day
Popularity
Type
Ratings
Length
Year
Community
Subscriptions
Recent Discussions
Orange Saloon
Badges
Playlists
Quests
Create
Leaderboards
Showdown
Live 5
Trivia Bingo
Activity
Puzzle Library
Sporcle Events
Private Events
Virtual Trivia
Globe League
Become a Host
Pub Owners
SporcleCon
Opinionation
Our Games
Videos
Blog
Mobile Apps
Partnerships
Remove Ads and Go Orange
Feedback
History
US Presidents
World Leaders
Politics
Nation
Discovery
War
Decade
Year
Century
Biography
Art
History
US Presidents
World Leaders
Politics
Nation
Discovery
War
Decade
Year
Century
Biography
Art
Random Quiz
Search Sporcle
×
Quiz Lab
Quiz Lab
History
Africa
Type in answers that appear in a list
Type in answers that appear in a list
Classic
Best Score? Go Orange.
Longest Ruling African Leaders Stats
Can you name the African heads of state who spent ten years or more in power?
By
envelopeshat
12m
86 Questions
105 Plays
105 Plays
105 Plays
Comments
Comments
Give Quiz Kudos
Give Quiz Kudos
-
- Ratings
hide this ad
More Info
Replay
Link that replays current quiz
Next Quiz
Link to next quiz in quiz playlist
You Got
0%
They Got
Avg Score
36%
Avg Friend Score
Upgrade to see
Score Distribution
Jump to the score distribution portion of the page
Score
0/86
Timer
12:00
0
Plays Today
Country
Leader
% Correct
Zimbabwe
Robert Mugabe
84.8%
Libya
Muammar al-Qaddafi
80.9%
Egypt
Gamal Abdel Nasser
78.1%
Egypt
Hosni Mubarak
75.2%
Ethiopia
Haile Selassie
72.4%
Egypt
Anwar al-Sadat
70.5%
Kenya
Jomo Kenyatta
70.5%
Angola
Jose Eduardo dos Santos
68.6%
The Sudan
Omar Hassan Ahmad al-Bashir
66.7%
Liberia
Samuel Doe
64%
Congo-
Kinshasa
Joseph-Desire Mobutu
63.8%
Mali
Amadou Toumani Toure
62.9%
Algeria
Abdelaziz Bouteflika
62.9%
Central African Republic
Jean-Bedel Bokassa
62.9%
Uganda
Yoweri Museveni
61.9%
Tanzania
Julius Nyerere
61%
Cameroon
Paul Biya
58.1%
Rwanda
Paul Kagame
58.1%
Guinea
Ahmed Sekou Toure
57.1%
Malawi
Hastings Kamuzu Banda
55.2%
Morocco
Muhammad VI
55.2%
Kenya
Daniel arap Moi
54.3%
Somalia
Muhammad Siad Barre
52.4%
Ethiopia
Mengistu Haile Mariam
51.4%
Morocco
Hassan II
51.4%
Liberia
William Tubman
50.6%
Ghana
Jerry John Rawlings
50.5%
Nigeria
Olusegun Obasanjo
49.4%
Gabon
Albert-Bernard Bongo
48.3%
Country
Leader
% Correct
Cote d'Ivoire
Felix Houphouet-Boigny
47.6%
Benin
Mathieu Kerekou
47.2%
Botswana
Seretse Khama
46.7%
Tunisia
Zine El Abidine Ben Ali
46.7%
Algeria
Houari Boumedienne
45.7%
Chad
Idriss Deby
44.8%
Cote d'Ivoire*
Laurent Gbagbo
43.8%
Senegal
Leopold Sedar Senghor
43.8%
Senegal
Abdoulaye Wade
41.6%
Eritrea
Isaias Afewerki
41%
The Gambia
Yahya Jammeh
39.3%
Burkina Faso
Blaise Compaore
39%
Guinea
Lansana Conte
39%
Mali
Moussa Traore
39%
Mozambique
Samora Machel
38.1%
Congo-
Brazzaville
Denis Sassou-Nguesso
37.1%
Lesotho
Letsie III
36%
Botswana
Festus Mogae
35.2%
Senegal
Abdou Diouf
32.4%
Central African Republic
Andre Kolingba
31.5%
Botswana
Quett Masire
31.4%
Central African Republic
Ange-Felix Patasse
31.4%
Algeria
Chadli Bendjedid
30.5%
Burundi
Michel Micombero
30.5%
Zambia
Kenneth Kaunda
30.5%
The Gambia
Sir Dawda Jawara
30.3%
Sierra Leone
Siaka Stevens
30.3%
Namibia
Samuel Nujoma
29.2%
Mauritania
Moktar Ould Daddah
28.1%
Country
Leader
% Correct
Burundi
Pierre Buyoya
27.6%
Tanzania
Ali Hassan Mwinyi
27.6%
Lesotho
Moshoeshoe II
27%
Mozambique
Joaquim Chissano
25.7%
Mali
Alpha Oumar Konare
24.8%
Zambia
Frederick Chiluba
23.8%
Swaziland
Mswati III
23.6%
Burundi
Jean-Baptiste Bagaza
22.9%
Tanzania
Benjamin Mkapa
21.3%
Ethiopia
Girma Wolde-Giorgis
19.1%
Togo
Etienne Eyadema
19.1%
Mauritania
Maaouya Ould Sid'Ahmed Taya
19.1%
Chad
Francois Tombalbaye
17.1%
Tunisia
Habib Bourguiba
15.2%
Sierra Leone
Ahmad Tejan Kabbah
14.6%
Niger
Mamadou Tandja
13.3%
Burkina Faso
Sangoule Lamizana
10.5%
Rwanda
Juvenal Habyarimana
10.5%
The Sudan
Gaafar Nimeiry
9.5%
Cameroon
Ahmadou Ahidjo
8.6%
Guinea-
Bissau
Joao Bernardo Vieira
6.7%
Swaziland
Sobhuza II
6.7%
Malawi
Bakili Muluzi
3.8%
Niger
Hamani Diori
3.8%
Rwanda
Gregoire Kayibanda
3.8%
Niger
Seyni Kountche
1%
Madagascar
Didier Ratsiraka
0%
Madagascar
Philibert Tsiranana
0%
Quiz Playlist
Details
Report
Send in Message
Add To Playlist
More Info:
Asterisk (*) indicates that status as head of state was disputed during part of the date range given.
Classic:
Type in answers that appear in a list
Quiz Source
Last Updated: Feb 16, 2017
Quiz Scoreboard
CHALLENGE
Sign Up to Join the Scoreboard
Show All
Scores
Hide
Comments
May contain spoilers
Recently Published
1-10 Letter E Words III
by El_Dandy
Language
2m
Street Fighter Characters
by Artimus82
Gaming
60s
College Basketball Coaching Resumes
by pancakes188
Sports
9m
More to Explore
Quiz From the Vault
Featured Blog Post
Where Did the Easter Bunny Come From?
hide this ad
You Might Also Like...
Tags
Africa Quiz
Politics Quiz
Head of State
World History
Today's Top Quizzes in History
Browse History
hide this ad
Today's Top Quizzes in Africa
Browse Africa
Top Contributed Quizzes in History
1
Popular People in 1991
2
Popular People in 1981
3
Popular People in 1951
4
Popular People in 1941
5
Popular People in 1986
6
Popular People in 1976
7
Popular People in 1921
8
5-to-1: 20th Century Images of War
9
I Am Born On March 28th
10
Popular People in 1946
Explore More
Trending Topics
Harry Potter
Marvel
Anime
Crossword
NBA
Disney
Kpop
Pokémon
Song
Puzzle
Soccer
Country
WWE
NFL
The Office
hide this ad
More By:
envelopeshat
Quiz
Plays
Rating
Category
Featured
Created
Current Capitals by Former Capitals
38,000
4.69
Geography
Sep 14, 2010
First Languages of Europe
3,004
4.27
Language
Oct 2, 2012
Artists on Multiple '100 Greatest...' Rolling Stone Lists
845
4.29
Music
Sep 27, 2011
First Languages of the Pacific
660
4.75
Language
Oct 2, 2012
Former Colonial Administrators
302
4.17
Geography
Sep 14, 2010
Go to Creator's Profile
Score Distribution
Quiz Creator Spotlight
envelopeshat
Follow
Send a Message
Quizzes Created
-
Created Quiz Play Count
-
More By This Creator
Popular Quizzes Today
1
Find the US States - No Outlines Minefield
2
Find the Countries of Europe - No Outlines Minefield
3
The Countries of the World
4
Find the US States
5
Risky Map Clicking: Biggest States A-Z
6
US States
7
Popular People in 1961
8
Movies - When Are They Set?
More History Quizzes
Country by Battle
Published
Trending Quizzes
Risky Map Clicking: Least Populous States A-Z
Billboard Blitz: Aretha Franklin
1-10 Letter G Words
Countries of the World: 200 Million BC
1-10 Letter F Words
Recently Updated
Leaping Animals
pecheneg
Reality TV Shows (A-Z)
bhenderson79
Rickey Henderson's Hall of Fame Teammates
pecheneg
Champions League XIs: Arsenal
pecheneg
Quick Pick: Celebrities in WWE's Hall of Fame
aduchscher
A-Z Keypad Blitz II
pecheneg
Multiple Oscar Actors
pecheneg
Mystery Phrase Blitz: Oscar 'Best Actors'
pecheneg
F. Scott Fitzgerald Novels
LTH
Pick 3 Villains
ddd62291
Trending Topics
Crossword
Anime
Harry Potter
Disney
Marvel
Kpop
NBA
NFL
Soccer
Puzzle
Country
The Office
Pokémon
WWE
Song
Your Account Isn't Verified!
In order to create a playlist on Sporcle, you need to verify the email address you used during registration. Go to your
Sporcle Settings
to finish the process.
Report this User
Report this user for behavior that violates our
Community Guidelines
.
Details:
Send Report
Go to the Sporcle.com Mobile Site →
Comments